Procedimientos jurídicos para la determinación presuntiva de la base gravable del impuesto al valor agregado /

में बचाया:
ग्रंथसूची विवरण
मुख्य लेखक: Sandoval Galindo, Luis Edmundo (autor)
स्वरूप: पुस्तक
भाषा:स्पेनिश
प्रकाशित: Guadalajara, México : Instituto para el Desarrollo Técnico de las Haciendas Públicas, 1994
विषय:
टैग: टैग जोड़ें
कोई टैग नहीं, इस रिकॉर्ड को टैग करने वाले पहले व्यक्ति बनें!

MARC

LEADER 00000nam^a2200000^a^4500
001 000043039
005 20250521000000.0
009 20260310085758.295
020 |a 968-6627-54-5 
037 |a Acervo ITESO - Biblioteca 
041 |a ESP 
082 |a 343. 055  |b SAN 
100 |a Sandoval Galindo, Luis Edmundo  |e (autor) 
245 1 0 |a Procedimientos jurídicos para la determinación presuntiva de la base gravable del impuesto al valor agregado /  |c L. E. Sandoval Galindo. 
264 1 |a Guadalajara, México :  |b Instituto para el Desarrollo Técnico de las Haciendas Públicas,  |c 1994 
300 |a 132 p. 
336 |a texto  |b txt  |2 rdacontenido 
337 |a sin mediación  |b n  |2 rdamedio 
338 |a volumen  |b nc  |2 rdasoporte 
649 |a XX 
650 |a Derecho Público 
650 |a Derecho Fiscal 
650 |a Impuestos al Valor Agregado 
910 |a Fondo General 
920 |a Impresos - Libros 
930 |a Colección General 
905 |a 101 
901 |a 0500003095  |b IT1  |c ACC  |i 043039  |u 20250521 
902 |a https://opac.biblio.iteso.mx/vufind/Record/000043039